00776nam a2200169 a 450000100060000000300090000600800410001502000150005604000280007108200140009910000380011324500430015126000490019430000110024350503370025465000150059117617CO-ViMGA141112s2004 ck r 000 u spa d a8431660074 aCO-ViMGAbspacCO-ViMGA04a301 M657c1 aMontousse, Marc; Renouard, Gilles10aCien fichas para aprender Sociología aBarcelona (España), cVicens vives, c2001 a247.p. aLa sociología y sus metodos Los fundadores de la sociología Las corrientes del pensamiento contemporaneo La socialización Las sociedades El cambio social Grupos sociales , exclusiones y solidaridades El trabajo y las relaciones profesionales Empleo y formación Familia , consumo y estilos de vida Poder , estado y política14aSOCIOLOGIA